Things that are Considered "Massive" - Statistics

General Stats
  • This quiz has been taken 15 times
    7 since last reset
  • The average score is 4 of 12
Answer Stats
Hint Answer % Correct
Earth's highest mountain above sea level Mount Everest
86%
The world's largest coral reef system Great Barrier Reef
71%
The largest type of black holes, with a mass millions or even billions of times greater than our sun Supermassive
71%
A series of fortifications considered one of the largest man-made structures on Earth The Great Wall of China
71%
The largest animal known to have ever existed Blue Whale
57%
One of the largest passenger airliners in the world Airbus
29%
A type of haircut Low Taper Fade
29%
The largest living land animal African bush elephant
14%
A massive concrete arch-gravity dam in the Black Canyon of the Colorado River Hoover Dam
14%
Modern cargo ships, such as the Seawise Giant, are among the largest and heaviest objects ever built by humans Container ships
0%
The largest structures in the universe Cosmic Voids
0%
Interstellar clouds of dust, hydrogen, helium, and other ionized gases. Nebulae
0%
No matching quizzes found
Score Distribution
Percent of People with Each Score
Percentile by Number Answered
Your Score History
You have not taken this quiz since the last reset